Logo BPK

Biblioteka

Politechniki Koszalińskiej

Die Gärten im März : (Rekord nr 50598)

Szczegóły MARC
000 -ETYKIETA REKORDU
podpole kontrolne o stałej długości 00509nam a2200193 i 4500
001 - NUMER KONTROLNY REKORDU
pole kontrolne bgj
020 ## - MIĘDZYNARODOWY ZNORMALIZOWANY NUMER KSIĄŻKI - ISBN
ISBN 3498052357
040 ## - ŹRÓDŁO KATALOGOWANIA
Instytucja, która utworzyła rekord BPK
041 0# - KOD JĘZYKA
Kod języka tekstu ger
920 ## - Międzynarodowy znormalizowany numer książki – ISBN
ISBN 3-498-05235-7
008 - POLE O STAŁEJ DŁUGOŚCI - DANE KONTROLNE
podpole kontrolne o stałej długości s gw f |000 0 ger
100 1# - NAZWA OSOBOWA
Nazwa osobowa PIWITT, Hermann Peter
Daty związane z nazwą (1935- )
245 10 - TYTUŁ/ODPOWIEDZIALNOŚĆ
Tytuł Die Gärten im März :
Ciąg dalszy tytułu Roman /
Pozostałe elementy strefy tytułu i oznaczenia odpowiedzialności Hermann Peter Piwitt.
260 ## - STREFA ADRESU WYDAWNICZEGO
Miejsce wydania Reinbek bei Hamburg :
Nazwa wydawcy/dystrybutora Rowohlt,
Data publikacji, dystrybucji/powstania dokumentu 1979.
300 ## - STREFA OPISU FIZYCZNEGO
Objętość 222, [1] S. ;
Rozmiary 19 cm.
650 #9 - HASŁO PRZEDMIOTOWE W FORMIE NAZWY OGÓLNEJ LUB JEDNOSTKOWEJ
Nazwa ogólna lub geograficzna Deutsche Literatur
655 ## - TERMIN INDEKSOWY - OKREŚLENIE RODZAJU/FORMY DOKUMENTU
Określenie rodzaju/formy dokumentu Roman
856 ## - LOKALIZACJA I DOSTĘP DO ELEKTRONICZNYCH DOKUMENTÓW ZDALNYCH
Link (URL) http://koha.tu.koszalin.pl/cgi-bin/koha/opac-detail.pl?biblionumber=50598
Tekst linku Katalog online BPK
942 ## - DODATKOWE ELEMENTY (KOHA)
Typ dokumentu Książka
Egzemplarze
Wycofany Status egzemplarza Uszkodzony Dostępność Lokalizacja stała Lokalizacja bieżąca Miejsce przechowywania Sygnatura Kod kreskowy Typ dokumentu
      Dostępny Biblioteka Politechniki Koszalińskiej Biblioteka Politechniki Koszalińskiej Wypożyczalnia Językowa N 595 01582093 Książka
© 2023 Biblioteka Politechniki Koszalińskiej :: KOHA